[Event "Copenhagen Ch"]
[Site "Copenhagen"]
[Date "2002.10.18"]
[Round "6"]
[White "Petersen, Steen"]
[Black "Hansen, Lars Henrik Bech"]
[Result "1-0"]
[WhiteElo "2120"]
[BlackElo "2131"]
[PlyCount "71"]
[EventDate "2002.??.??"]
[EventType "swiss"]
[EventRounds "9"]
[EventCountry "DEN"]

1. d4 d6 2. c4 g6 3. Nc3 Nf6 4. e4 Bg7 5. f3 O-O 6. Nge2 Nc6 7. Bg5 e5 8. d5
Ne7 9. Qd2 Nd7 10. g4 Nc5 11. Ng3 f5 12. gxf5 gxf5 13. Nh5 f4 14. Rg1 Rf7 15.
Bh6 Ng6 16. Bg5 Qf8 17. O-O-O Bh6 18. h4 a6 19. Qh2 Kh8 20. b4 Nd7 21. Bh3 Nb6
22. Be6 Bxg5 23. hxg5 Bxe6 24. dxe6 Re7 25. Nd5 Nxd5 26. cxd5 Qe8 27. Rd2 a5
28. Nf6 Qa4 29. Rh1 Qa3+ 30. Kb1 Nf8 31. g6 Qxf3 32. gxh7 Nxe6 33. dxe6 Rxe6
34. Qh5 Qe3 35. Qf7 Ree8 36. Qg8+ 1-0

[Event "Copenhagen Ch"]
[Site "Copenhagen"]
[Date "2002.10.13"]
[Round "2"]
[White "Petersen, Steen"]
[Black "Henrichsen, Jens"]
[Result "1-0"]
[WhiteElo "2120"]
[BlackElo "2059"]
[PlyCount "39"]
[EventDate "2002.??.??"]
[EventType "swiss"]
[EventRounds "9"]
[EventCountry "DEN"]

1. e4 c5 2. Nf3 e6 3. d3 Nc6 4. Nbd2 d6 5. c3 Nge7 6. d4 cxd4 7. cxd4 d5 8. Bd3
dxe4 9. Nxe4 Nd5 10. O-O Be7 11. a3 O-O 12. Bc2 b6 13. Qd3 g6 14. Bh6 Re8 15.
Rac1 Bb7 16. Ba4 Rc8 17. Ne5 Nxe5 18. dxe5 Nc7 19. Nd6 b5 20. Bxb5 1-0

[Event "Copenhagen Ch"]
[Site "Copenhagen"]
[Date "2002.10.15"]
[Round "3"]
[White "Poulsen, Klaus E"]
[Black "Carstensen, Jacob"]
[Result "0-1"]
[WhiteElo "2117"]
[BlackElo "2256"]
[PlyCount "52"]
[EventDate "2002.??.??"]
[EventType "swiss"]
[EventRounds "9"]
[EventCountry "DEN"]

1. e4 c5 2. Nf3 d6 3. d4 cxd4 4. Nxd4 Nf6 5. Nc3 a6 6. Bg5 e6 7. f4 Qc7 8. Qf3
b5 9. O-O-O b4 10. Nd5 exd5 11. Bxf6 gxf6 12. exd5 Be7 13. Bd3 Kd8 14. Rhe1 Qc5
15. Bf5 Ra7 16. Re2 Rc7 17. Bxc8 Kxc8 18. Qg4+ Kb7 19. Qg7 Rhc8 20. Qxf7 Bf8
21. Qh5 Qc4 22. b3 Qc3 23. Kb1 f5 24. Rd3 Qc5 25. c4 bxc3 26. Ne6 c2+ 0-1

[Event "Copenhagen Ch"]
[Site "Copenhagen"]
[Date "2002.10.11"]
[Round "1"]
[White "Poulsen, Klaus E"]
[Black "Schmidt, Horst Hubert"]
[Result "1-0"]
[WhiteElo "2117"]
[BlackElo "2035"]
[PlyCount "101"]
[EventDate "2002.??.??"]
[EventType "swiss"]
[EventRounds "9"]
[EventCountry "DEN"]

1. e4 e6 2. d4 d5 3. Nc3 dxe4 4. Nxe4 Bd7 5. Nf3 Bc6 6. Bd3 Nd7 7. O-O Ngf6 8.
Qe2 Bxe4 9. Bxe4 Nxe4 10. Qxe4 c6 11. Bf4 Be7 12. c4 O-O 13. Rad1 Nf6 14. Qe5
Qd7 15. Rfe1 Rfe8 16. Qe2 Bb4 17. Ne5 Qe7 18. Rf1 Rad8 19. Rd3 Bd6 20. Rfd1 c5
21. Bg5 cxd4 22. Rxd4 Bxe5 23. Qxe5 Rxd4 24. Qxd4 h6 25. Bxf6 Qxf6 26. Qxf6
gxf6 27. Rd7 Rb8 28. Kf1 Kg7 29. Ke2 Kg6 30. Kd3 f5 31. f4 f6 32. Kd4 Re8 33.
Rxb7 e5+ 34. fxe5 fxe5+ 35. Ke3 e4 36. g3 Kg5 37. Rg7+ Kh5 38. h3 a6 39. g4+
fxg4 40. Rxg4 Re5 41. b4 Re7 42. Rxe4 Rb7 43. c5 Kg5 44. c6 Rc7 45. Rc4 Kf5 46.
Kd4 Ke6 47. Kc5 Rc8 48. a4 Rg8 49. Kb6 Kd5 50. Rc5+ Kd6 51. c7 1-0

[Event "Copenhagen Ch"]
[Site "Copenhagen"]
[Date "2002.10.18"]
[Round "7"]
[White "Poulsen, Klaus E"]
[Black "Lund, Silas"]
[Result "1-0"]
[WhiteElo "2117"]
[BlackElo "2329"]
[PlyCount "43"]
[EventDate "2002.??.??"]
[EventType "swiss"]
[EventRounds "9"]
[EventCountry "DEN"]

1. e4 c5 2. Nf3 e6 3. d4 cxd4 4. c3 dxc3 5. Nxc3 Nc6 6. Bc4 Nf6 7. Qe2 Qc7 8.
a3 a6 9. O-O Ng4 10. g3 h5 11. Bf4 Nge5 12. Nd5 exd5 13. exd5 Kd8 14. dxc6
Nxf3+ 15. Qxf3 Qxc6 16. Bd5 Qb5 17. Rac1 Bc5 18. Bg5+ f6 19. Bxf6+ Kc7 20. Bd4
d6 21. b4 Bg4 22. Qf7+ 1-0

[Event "Copenhagen Ch"]
[Site "Copenhagen"]
[Date "2002.10.18"]
[Round "6"]
[White "Poulsen, Klaus E"]
[Black "Brondum, Eric"]
[Result "1/2-1/2"]
[WhiteElo "2117"]
[BlackElo "2212"]
[PlyCount "77"]
[EventDate "2002.??.??"]
[EventType "swiss"]
[EventRounds "9"]
[EventCountry "DEN"]

1. e4 g6 2. d4 Bg7 3. Nc3 c6 4. Be3 Qb6 5. Qd2 Qxb2 6. Rb1 Qa3 7. Bc4 d6 8. Nf3
Qa5 9. O-O Nf6 10. e5 dxe5 11. Nxe5 O-O 12. Rb3 b5 13. Bd3 Qd8 14. f4 Be6 15.
Rbb1 Nd5 16. f5 Nxe3 17. Qxe3 Bd7 18. Ne2 Na6 19. Qg3 Be8 20. Rf4 Nc7 21. Rbf1
Nd5 22. fxg6 hxg6 23. Rg4 Qd6 24. h4 Nf6 25. Rg5 Rd8 26. h5 Nxh5 27. Rxh5 gxh5
28. Rf5 Qh6 29. Nf4 h4 30. Qg4 Rxd4 31. Qf3 Rxf4 32. Rxf4 Bxe5 33. Rg4+ Bg7 34.
g3 Qc1+ 35. Kh2 Qd2+ 36. Kg1 Qc1+ 37. Kh2 Qd2+ 38. Kg1 h3 39. Rxg7+ 1/2-1/2

[Event "Copenhagen Ch"]
[Site "Copenhagen"]
[Date "2002.10.18"]
[Round "7"]
[White "Schmidt, Horst Hubert"]
[Black "Andersen, Niels Erik"]
[Result "0-1"]
[WhiteElo "2035"]
[BlackElo "2020"]
[PlyCount "110"]
[EventDate "2002.??.??"]
[EventType "swiss"]
[EventRounds "9"]
[EventCountry "DEN"]

1. e4 e6 2. c4 c5 3. Nf3 Nc6 4. d4 cxd4 5. Nxd4 Nf6 6. Nc3 Bb4 7. Nxc6 bxc6 8.
Bd2 Bxc3 9. Bxc3 Nxe4 10. Qg4 Nxc3 11. Qxg7 Rf8 12. Qxc3 Qg5 13. h4 Qf4 14. Bd3
Rg8 15. g3 Qf3 16. Rf1 Ba6 17. Rd1 Rb8 18. Qe5 Rb7 19. b3 f6 20. Qa5 Rb6 21.
Be2 Qe4 22. Qh5+ Ke7 23. Qc5+ Ke8 24. Kd2 Kd8 25. Rfe1 Qe5 26. Qxe5 fxe5 27.
Kc3 c5 28. Bd3 Rf8 29. Rd2 Rf3 30. Rxe5 Bb7 31. Kc2 Ra6 32. a4 Rd6 33. Rxc5
Rdxd3 34. Rxd3 Be4 35. b4 Bxd3+ 36. Kd2 Bf5 37. Ke2 Rb3 38. b5 Ra3 39. f3 Bc2
40. Rh5 Rxa4 41. Rc5 Ra3 42. g4 d6 43. Rc6 Kd7 44. c5 Bd3+ 45. Kf2 Bxb5 46.
Rxd6+ Ke7 47. g5 Rc3 48. Rd4 Rxc5 49. f4 a5 50. Kg3 a4 51. h5 a3 52. h6 a2 53.
Rd1 Bd3 54. Re1 Bb1 55. Kh4 a1=Q 0-1

[Event "Copenhagen Ch"]
[Site "Copenhagen"]
[Date "2002.10.19"]
[Round "8"]
[White "Schmidt, Horst Hubert"]
[Black "Hoeg, Claus"]
[Result "1-0"]
[WhiteElo "2035"]
[BlackElo "2053"]
[PlyCount "96"]
[EventDate "2002.??.??"]
[EventType "swiss"]
[EventRounds "9"]
[EventCountry "DEN"]

1. e4 c5 2. Nf3 Nc6 3. Be2 g6 4. O-O Bg7 5. c3 d6 6. d4 cxd4 7. cxd4 Nf6 8. Nc3
O-O 9. Be3 Ng4 10. Bg5 h6 11. Bf4 e5 12. dxe5 dxe5 13. Bd2 Nd4 14. Nd5 Nf6 15.
Nxd4 exd4 16. Bb4 Re8 17. Nxf6+ Qxf6 18. Bd3 Qb6 19. Qd2 a5 20. Ba3 Bd7 21.
Rac1 Bc6 22. f3 Qd8 23. b3 Kh7 24. Qf4 Qf6 25. Qg3 h5 26. Rc2 h4 27. Qf2 Rad8
28. Bc1 Bf8 29. Bd2 Ra8 30. Be1 h3 31. gxh3 Kg7 32. h4 Bd6 33. Bd2 Bb8 34. Bg5
Qd6 35. h5 gxh5 36. Qh4 Ba7 37. Bf6+ Kf8 38. Qg5 Re6 39. Qg7+ Ke8 40. Qg8+ Qf8
41. Qg5 Kd7 42. Rg2 Qd6 43. e5 Qc5 44. Rc2 Qb4 45. h4 a4 46. Rc4 Qa5 47. b4 Qd5
48. Qg7 b5 {Tid} 1-0

[Event "Copenhagen Ch"]
[Site "Copenhagen"]
[Date "2002.10.16"]
[Round "4"]
[White "Schmidt, Horst Hubert"]
[Black "Moller, Arne"]
[Result "1-0"]
[WhiteElo "2035"]
[BlackElo "2049"]
[PlyCount "121"]
[EventDate "2002.??.??"]
[EventType "swiss"]
[EventRounds "9"]
[EventCountry "DEN"]

1. e4 c5 2. Nf3 e6 3. Be2 d6 4. c3 Be7 5. O-O Nf6 6. Na3 O-O 7. e5 dxe5 8. Nxe5
Qc7 9. Nf3 a6 10. Nc2 b5 11. d4 Rd8 12. Bg5 Bb7 13. Qc1 Nc6 14. dxc5 Rd5 15.
Ne3 Rxc5 16. a3 Ne4 17. Bxe7 Nxe7 18. Rd1 Ng5 19. Ne1 Bxg2 20. Kxg2 Ne4 21. Nf3
Qf4 22. Nf1 Rg5+ 23. Ng3 Qf6 24. Kf1 Rg4 25. Nxe4 Rxe4 26. Qg5 Qxg5 27. Nxg5
Rh4 28. Nf3 Rh6 29. Rd4 Nf5 30. Rd7 Rf6 31. Rad1 g6 32. Rd8+ Rxd8 33. Rxd8+ Kg7
34. Ra8 e5 35. Ke1 e4 36. Nd4 Nh4 37. Bf1 Rd6 38. Rc8 h5 39. Rc7 g5 40. Re7
Nf3+ 41. Nxf3 exf3 42. Re3 g4 43. c4 Rc6 44. b3 Kf6 45. Bd3 bxc4 46. Bxc4 a5
47. a4 Rc5 48. Kd2 Kg6 49. Kd3 h4 50. Kd4 Rg5 51. Re5 f5 52. Ke3 Kf6 53. Re6+
Kg7 54. Kf4 Rh5 55. Re5 Kf6 56. Rxa5 g3 57. Ra6+ Ke7 58. fxg3 f2 59. Kf3 hxg3
60. Kxg3 f4+ 61. Kxf2 1-0

[Event "Copenhagen Ch"]
[Site "Copenhagen"]
[Date "2002.10.13"]
[Round "2"]
[White "Schmidt, Horst Hubert"]
[Black "Pallesen, Jacob"]
[Result "1-0"]
[WhiteElo "2035"]
[BlackElo "2071"]
[PlyCount "117"]
[EventDate "2002.??.??"]
[EventType "swiss"]
[EventRounds "9"]
[EventCountry "DEN"]

1. e4 c5 2. Nf3 d6 3. Be2 Nc6 4. O-O g6 5. c3 Bg7 6. d4 cxd4 7. cxd4 Qb6 8. Nc3
Nxd4 9. Nd5 Nxf3+ 10. Bxf3 Qd8 11. Qc2 Kf8 12. Be3 Bd7 13. Rac1 Bc6 14. Nb4 Bd7
15. Rfd1 Rc8 16. Qd2 b6 17. Rxc8 Qxc8 18. Rc1 Qd8 19. Bd4 Bxd4 20. Qxd4 Nf6 21.
e5 dxe5 22. Qxe5 Be6 23. Rd1 Qc8 24. Nc6 Kg7 25. Nxe7 Qc5 26. Qxc5 bxc5 27. b3
c4 28. bxc4 Bxc4 29. a3 Rb8 30. Nc6 Rb6 31. g4 a6 32. g5 Nh5 33. Ne5 Be6 34.
Bxh5 gxh5 35. h4 Rb3 36. Rd3 Rxd3 37. Nxd3 Kg6 38. Kg2 Kf5 39. f3 Bc4 40. Nc5
Kf4 41. Kf2 a5 42. Ne4 Bd5 43. Nf6 Bxf3 44. Nxh7 Bd1 45. Nf6 Bg4 46. Nd5+ Ke5
47. Ne3 Kf4 48. Ng2+ Ke4 49. Kg3 Kd3 50. Kf4 Kc3 51. Ne3 Be6 52. Ke5 Kb3 53. g6
fxg6 54. Kxe6 Kxa3 55. Nc4+ Kb4 56. Nxa5 g5 57. Nc6+ Kc4 58. hxg5 h4 59. Ne5+
1-0

[Event "Copenhagen Ch"]
[Site "Copenhagen"]
[Date "2002.10.17"]
[Round "5"]
[White "Schmidt, Horst Hubert"]
[Black "Christensen, Esben"]
[Result "0-1"]
[WhiteElo "2035"]
[BlackElo "2085"]
[PlyCount "126"]
[EventDate "2002.??.??"]
[EventType "swiss"]
[EventRounds "9"]
[EventCountry "DEN"]

1. e4 c5 2. Nf3 e6 3. Be2 b6 4. O-O Nf6 5. d3 d5 6. exd5 exd5 7. Bf4 Bd6 8. Qd2
O-O 9. Nc3 a6 10. Rfe1 Qc7 11. Bxd6 Qxd6 12. d4 Bb7 13. Rad1 Nbd7 14. Ne5 cxd4
15. Nxd7 dxc3 16. Nxf6+ Qxf6 17. bxc3 Rac8 18. Bd3 Rxc3 19. Re3 d4 20. Rh3 h6
21. Rg3 Re8 22. Re1 Rxe1+ 23. Qxe1 Qe6 24. Qb1 Be4 25. h3 Bxd3 26. cxd3 b5 27.
Rg4 Qc6 28. Kh2 Rc2 29. Rxd4 Qc7+ 30. f4 Qc3 31. Rd8+ Kh7 32. Qf1 Rxa2 33. Qf3
Qf6 34. Qe4+ g6 35. Rd5 Rf2 36. Kg3 Rf1 37. h4 Qc3 38. Rd7 Kg7 39. Kh2 Qf6 40.
g3 Rf2+ 41. Kh3 Qf5+ 42. Qxf5 gxf5 43. Rd5 Rb2 44. Rxf5 a5 45. Rc5 a4 46. Rc6
h5 47. g4 hxg4+ 48. Kxg4 a3 49. Ra6 b4 50. h5 Rh2 51. Kg5 Rg2+ 52. Kf5 a2 53.
h6+ Kh7 54. Ra7 b3 55. Rxf7+ Kxh6 56. Rf6+ Kg7 57. Ra6 Rg1 58. Ra7+ Kf8 59.
Ra8+ Ke7 60. Ra7+ Kd6 61. Ra6+ Kc5 62. d4+ Kxd4 63. Ra4+ Kc3 0-1